[Event "XX Sants Open 2018"]
[Site "Cotxeres de Sants"]
[Date "2018.08.25"]
[Round "9"]
[White "Shyaamnikhil, P."]
[Black "Gukesh D"]
[Result "1-0"]
[WhiteElo "2389"]
[BlackElo "2440"]
[Annotator "TA"]
[PlyCount "97"]
[EventDate "2018.08.17"]
[EventType "swiss"]
[EventCountry "ESP"]
[SourceTitle "playchess.com"]
[Source "ChessBase"]
[SourceQuality "1"]

{[%evp 11,97,27,45,41,38,22,29,25,46,48,37,42,45,48,105,104,101,98,114,104,107,77,89,62,58,58,113,102,142,150,216,221,220,211,206,208,208,177,173,171,267,263,264,263,355,353,359,356,420,397,420,418,400,408,399,366,458,465,426,410,456,389,368,369,416,373,400,385,588,608,722,703,933,925,902,870,1354,1339,29979,29980,29980,6520,29987,29988,29988,29989,29988,29987]} 1. g3 e5 2. c4 Nc6 3. Bg2 d6 4. Nc3 Be6 5. Nd5 Qd7 6. d3 {[%cal Bd2d3,Bd3d4,Bd4e5][%mdl 32]} Nge7 {LiveBook: 3 Games. A25: English Opening vs King's Indian with ...Nc6 but without early d3} (6... g6 7. h4 h6 8. h5 g5 9. Bd2 Bg7 10. Bc3 f5 11. Qd2 Nf6 12. e4 O-O-O 13. Ne2 Rhf8 14. f3 {½-½ (39) Movsesian,S (2710)-Short,N (2698) Porto Carras 2011}) 7. Bd2 Nd8 8. Bc3 $146 ({Predecessor:} 8. e4 c6 9. Nxe7 Bxe7 10. Nf3 O-O 11. O-O f5 12. c5 Nf7 13. cxd6 Qxd6 14. Bc3 {½-½ (30) Bidkov,A (2132)-Gordenko,D (2375) Kiev 2007}) 8... c6 {The position is equal.} 9. Ne3 f5 10. d4 f4 11. Nc2 Bxc4 12. dxe5 Nd5 ({Black should play} 12... Ng6 $14) 13. Qd4 $16 Bb5 14. Bxd5 cxd5 15. Nf3 Ne6 16. Qxd5 Bc6 17. Qd2 O-O-O 18. gxf4 {[#] Threatens to win with f5.} Qf7 ({Better is} 18... Bxf3 $1 $14 19. exf3 Qa4) 19. Ncd4 Nxd4 20. Qxd4 b6 (20... Kb8 $16 21. Rg1 Bxf3) 21. Rg1 $18 Bxf3 22. exf3 dxe5 23. Qe4 {[#] Hoping for Qa8+.} Qxf4 24. Bxe5 {[%cal Re4c6]} Qxe4+ 25. fxe4 Re8 (25... Rd7 $142 26. Rc1+ Kd8) 26. f4 (26. Bxg7 $2 Rg8 $17) 26... Rg8 27. Rc1+ Kb7 28. Rc7+ Ka6 29. Ke2 g5 30. Rxh7 Bc5 31. Rg3 gxf4 32. Rxg8 Rxg8 {[%mdl 4096] Endgame KRB-KRB} 33. Kf3 Rg1 {Black hopes to continue with ...Rf1+.} 34. Bxf4 Rf1+ 35. Kg4 Rf2 36. Be5 Re2 37. Kf5 Rf2+ 38. Ke6 Re2 39. Rh4 Kb5 (39... Re3 {might work better.} 40. a3 Re1) 40. Rg4 Re1 41. h4 {[%cal Bh2h4,Bh4h5,Bh5h6,Bh6h7][%mdl 32]} Kc4 42. Bf6 Kd3 43. e5 Re2 44. h5 Rxb2 45. h6 Rh2 46. Rh4 Rxh4 47. Bxh4 {White mates.} Bf8 48. h7 Bg7 49. Bf6 {Precision: White = 92%, Black = 29%.} 1-0

[Event "XX Sants Open 2018"]
[Site "Cotxeres de Sants"]
[Date "2018.08.25"]
[Round "9"]
[White "Ootes, Lars"]
[Black "Vetoshko, Volodymyr"]
[Result "0-1"]
[WhiteElo "2379"]
[BlackElo "2525"]
[Annotator "TA"]
[PlyCount "90"]
[EventDate "2018.08.17"]
[EventType "swiss"]
[EventCountry "ESP"]
[SourceTitle "playchess.com"]
[Source "ChessBase"]
[SourceQuality "1"]

{[%evp 11,90,8,38,38,46,55,57,34,53,62,86,74,107,46,77,94,74,50,72,20,82,-28,-29,-45,-35,-52,-44,-83,-67,-76,-21,-62,-61,-56,-40,-42,-62,-50,-29,-38,0,-68,-71,-88,-96,-150,0,-56,-55,-53,0,-113,-100,-111,-103,-99,-94,-111,-97,-97,-81,-106,-57,-60,-86,-191,-177,-194,-198,-562,-560,-841,-839,-839,-837,-776,-822,-937,-661,-1994,-1767]} 1. e4 c5 2. Nf3 e6 3. d4 cxd4 4. Nxd4 a6 5. Bd3 Ne7 6. Be3 {B42: Sizilianisch (Paulsen-Variante)} Nbc6 {LiveBook: 6 Partien} (6... d5 {looks sharper.} 7. f4 Nec6 8. O-O Bc5 9. c3 e5) 7. Nxc6 Nxc6 8. Nd2 {Weiß steht etwas besser.} Be7 $146 ({Vorgänger:} 8... d5 9. exd5 Nb4 10. O-O Nxd5 11. Bd4 Nf4 12. Nf3 Nxd3 13. Qxd3 {1-0 (33) Shirov,A (2730)-Flores,D (2607) Montcada 2009}) 9. c3 Ne5 10. Bc2 Qc7 11. f4 Ng6 12. Qg4 (12. g3 $16) 12... h5 13. Qf3 b5 {[%cal Bb7b5,Bb5b4][%mdl 32]} 14. Qf2 Bb7 15. Rf1 (15. O-O $16) 15... Rc8 (15... a5 $11 {bleibt in der Remisbreite.}) 16. Nb3 (16. a3 $16) 16... b4 $1 $11 {[%cal Rb4c3]} 17. Bb6 Qb8 $1 18. Bd4 O-O 19. O-O-O bxc3 20. Bxc3 Nxf4 (20... a5 $1 $17) 21. Rxd7 Bg5 22. Kb1 {g3 ist eine echte Drohung.} Bc6 23. Rdd1 ({Nur nicht} 23. Qd4 $2 e5 $19) 23... Bb5 24. Rfe1 Rfd8 25. Rxd8+ Rxd8 26. Qc5 (26. Qf3 $11) 26... f6 $15 27. Nd4 Nxg2 28. Rg1 (28. Rh1 $142 Be3 29. Qb4) 28... Nf4 (28... Qxh2 29. Nf3 $16) ({Besser ist} 28... Rc8 $1 $17 {[%cal Rc8c5]} 29. Qe7 Re8) 29. h4 (29. Rxg5 $11 fxg5 30. Qxg5) 29... Rc8 30. Qb4 Nd3 ({Jedoch nicht} 30... Bxh4 $2 31. Qe7 $18) ({Lieber} 30... Bh6 $1 $15) 31. Qe7 (31. Qa3 $1 $11 Bh6 32. Qe7) 31... Re8 $17 32. Qa3 Be3 $1 {[%cal Re3g1]} (32... Bxh4 33. Nxb5 Qxb5 34. Ba4 $11) 33. Rd1 Bxd4 34. Bxd4 Ne5 35. Rg1 Qc7 36. Qe3 Rc8 37. Bb3 Kf7 $1 38. a3 {[#]} (38. a4 $17 {war einen Versuch wert.} Bd7 39. Qe2) 38... Ng4 $1 $36 {[%cal Rg4e3][%mdl 2048] Weiss steht unter starkem Druck.} 39. Qf3 {[#]} Bc4 $1 40. Bd1 $2 (40. Bc2 {leistet mehr Widerstand.}) 40... Qd6 {Schwarz steht klar auf Gewinn.} 41. Bc3 Bd3+ 42. Ka2 {[#]} Rxc3 $1 {[%mdl 512]} 43. bxc3 Bc4+ 44. Ka1 Qd2 {[%cal Rd2c1]} 45. Kb1 {beabsichtigt Lc2.} Bd3+ {Precision: Weiß = 28%, Schwarz = 51%.} 0-1

[Event "XX Sants Open 2018"]
[Site "Cotxeres de Sants"]
[Date "2018.08.25"]
[Round "9"]
[White "Magallanes, Gustavo Javier"]
[Black "Vinas Serrano, Jordi"]
[Result "1-0"]
[WhiteElo "1905"]
[BlackElo "1802"]
[Annotator "NA RC"]
[PlyCount "93"]
[EventDate "2018.08.17"]
[EventType "swiss"]
[EventCountry "ESP"]
[SourceTitle "playchess.com"]
[Source "ChessBase"]
[SourceQuality "1"]
[TimeControl "40/5400+30:1800+30"]

1. e4 e6 2. d3 d5 3. Qe2 Be7 4. Nf3 Nf6 5. g3 O-O 6. Bg2 c5 7. e5 Nfd7 8. O-O Nc6 9. c4 f6 10. exf6 Nxf6 11. Bf4 Bd6 12. Bxd6 Qxd6 13. Re1 Bd7 14. Nc3 Rae8 15. Ne5 Nd4 16. Qd1 Nc6 17. Nb5 Qe7 18. Nxc6 bxc6 19. Nc3 Qd6 20. Rc1 Re7 21. Qe2 Rfe8 22. Qe5 Qxe5 23. Rxe5 Bc8 24. Rce1 Nd7 25. R5e2 Kf7 26. Na4 Bb7 27. f4 g6 28. Bh3 Ba6 29. b3 Bb7 30. Bg2 Ba6 31. Bf3 Bb7 32. Kf2 Kf6 33. g4 g5 34. fxg5+ Kxg5 35. Kg3 h6 36. h4+ Kg6 37. Nc3 Nb6 38. Nd1 Kf6 39. Ne3 Nd7 40. Rf1 Kg6 41. Ng2 e5 42. h5+ Kh7 43. Nh4 Nf8 44. Nf5 Re6 45. Bg2 Kh8 46. Nh4 R6e7 47. Rxf8+ {Re6} 1-0

[Event "XX Sants Open 2018"]
[Site "Cotxeres de Sants"]
[Date "2018.08.25"]
[Round "9"]
[White "Zheng, Hong Wei"]
[Black "Barragan Hernandez, Manel"]
[Result "1-0"]
[WhiteElo "1876"]
[BlackElo "1799"]
[Annotator "NA RC"]
[PlyCount "71"]
[EventDate "2018.08.17"]
[EventType "swiss"]
[EventCountry "ESP"]
[SourceTitle "playchess.com"]
[Source "ChessBase"]
[SourceQuality "1"]
[TimeControl "40/5400+30:1800+30"]

1. f4 Nf6 2. Nf3 g6 3. d3 d5 4. g3 Bg7 5. Bg2 O-O 6. O-O c6 7. c3 Nbd7 8. Qc2 Qb6+ 9. Kh1 a5 10. e4 dxe4 11. dxe4 Nc5 12. Ne5 Ng4 13. Nxg4 Bxg4 14. Be3 Qb5 15. Na3 Qb6 16. Qf2 Nxe4 17. Bxb6 Nxf2+ 18. Rxf2 e5 19. Nc4 exf4 20. Rxf4 Be2 21. Bf1 Rfe8 22. Bxe2 Rxe2 23. Raf1 f5 24. a4 Ra6 25. Rd1 Rxb6 26. Nxb6 Rxb2 27. Nc4 Rc2 28. Nxa5 Rxc3 29. Nxb7 Be5 30. Rff1 Ra3 31. a5 c5 32. Rd7 Bc3 33. Rc1 c4 34. Rc7 Bxa5 35. Nxa5 Rxa5 36. R1xc4 1-0

[Event "XX Sants Open 2018"]
[Site "Cotxeres de Sants"]
[Date "2018.08.25"]
[Round "9"]
[White "Santos Ramos, Carlos"]
[Black "Vargas Drechsler, Carlos"]
[Result "0-1"]
[WhiteElo "1825"]
[BlackElo "1902"]
[Annotator "NA RC"]
[PlyCount "202"]
[EventDate "2018.08.17"]
[EventType "swiss"]
[EventCountry "ESP"]
[SourceTitle "playchess.com"]
[Source "ChessBase"]
[SourceQuality "1"]
[TimeControl "40/5400+30:1800+30"]

1. Nf3 {[%emt 0:00:00]} c5 {[%emt 0:02:09]} 2. c4 {[%emt 0:00:00]} Nf6 {[%emt 0:00:25]} 3. g3 {[%emt 0:00:00]} g6 {[%emt 0:00:12]} 4. Bg2 {[%emt 0:00:06]} Bg7 {[%emt 0:00:17]} 5. O-O {[%emt 0:00:32]} O-O {[%emt 0:00:18]} 6. Nc3 {[%emt 0:00:14]} Nc6 {[%emt 0:00:29]} 7. e4 {[%emt 0:00:18]} d6 {[%emt 0:01:29]} 8. d3 {[%emt 0:00:09]} Rb8 {[%emt 0:06:54]} 9. h3 {[%emt 0:00:22]} a6 {[%emt 0:01:01]} 10. a4 {[%emt 0:00:20]} Nb4 {[%emt 0:01:34] A38: Symmetrical English vs ...g6: 4 Bg2 Bg7 5 Nf3 Nf6} (10... h6 11. Re1 Bd7 12. Be3 Qc8 13. Kh2 Kh7 14. Qd2 Be6 15. Rac1 {½-½ (15) Salvador,R (2447)-Sanchez,J (2491) Bratto 2009}) 11. Be3 {[%emt 0:00:18]} e5 $146 {[%emt 0:05:03]} ({Predecessor:} 11... b6 12. Qd2 e6 13. d4 Qe7 {½-½ (63) Muhtarov,L (2230)-Sebenik,M (2115) Bled 1997}) 12. Qd2 {[%emt 0:00:09]} Bd7 {[%emt 0:01:07]} 13. b3 {[%emt 0:01:12]} b5 {[%emt 0:02:25]} 14. axb5 {[%emt 0:02:06]} axb5 {[%emt 0:04:02]} 15. Na2 {[%emt 0:03:06]} Nc6 {[%emt 0:03:40]} 16. Rfb1 {[%emt 0:02:59]} b4 {[%emt 0:01:13]} 17. Bh6 {[%emt 0:00:13]} Re8 {[%emt 0:04:45]} 18. Bxg7 {[%emt 0:00:08]} Kxg7 {[%emt 0:00:09]} 19. Nc1 {[%emt 0:01:44]} Qc8 {[%emt 0:02:15]} 20. Kh2 {[%emt 0:00:13]} Rh8 {[%emt 0:07:04]} 21. Ne2 {[%emt 0:00:10]} h6 {[%emt 0:00:53]} 22. Nfg1 {[%emt 0:08:16]} g5 {[%emt 0:03:59]} 23. f4 {[%emt 0:03:08]} g4 {[%emt 0:00:57]} 24. h4 {[%emt 0:00:56]} Ra8 {[%emt 0:06:00]} 25. fxe5 {[%emt 0:00:47]} dxe5 {[%emt 0:01:11]} 26. Qe3 {[%emt 0:02:59]} Nd4 {[%emt 0:02:39]} 27. Nxd4 {[%emt 0:00:04]} cxd4 {[%emt 0:00:24]} 28. Qf2 {[%emt 0:01:34]} Qc6 {[%emt 0:06:40]} 29. Qd2 {[%emt 0:11:33]} Rhb8 {[%emt 0:03:47]} 30. Ne2 {[%emt 0:01:07]} Qc5 {[%emt 0:02:25]} 31. Ra2 {[%emt 0:11:17]} Rxa2 {[%emt 0:02:28]} 32. Qxa2 {[%emt 0:00:02]} Bc6 {[%emt 0:00:46]} 33. Qb2 {[%emt 0:02:38]} Ra8 {[%emt 0:01:33]} 34. Rf1 {[%emt 0:04:07]} Ra3 {[%emt 0:05:39]} 35. Nc1 {[%emt 0:00:46]} Qe7 {[%emt 0:06:33]} 36. Qf2 {[%emt 0:11:10]} Bd7 {[%emt 0:01:04]} 37. Rd1 {[%emt 0:01:41]} Be6 {[%emt 0:00:41]} 38. Rd2 {[%emt 0:00:22]} Ne8 {[%emt 0:05:28]} 39. Rb2 {[%emt 0:00:21]} Nc7 {[%emt 0:01:53]} 40. Qd2 {[%emt 0:00:00]} Qc5 {[%emt 0:00:00]} 41. Bf1 {[%emt 0:05:08]} Na6 {[%emt 0:06:16]} 42. Be2 {[%emt 0:01:08]} Qa5 {[%emt 0:03:54]} 43. h5 {[%emt 0:04:37]} Qd8 {[%emt 0:04:02]} 44. Na2 {[%emt 0:04:08]} Qf6 {[%emt 0:03:24]} 45. Bd1 {[%emt 0:02:41]} Qf1 {[%emt 0:02:03]} 46. Qe2 {[%emt 0:17:22]} Qh3+ {[%emt 0:00:29]} 47. Kg1 {[%emt 0:00:00]} Qxg3+ 48. Kf1 {[%emt 0:00:00]} Qh3+ {[%emt 0:02:07]} 49. Ke1 {[%emt 0:05:43]} Qxh5 50. Kd2 {[%emt 0:00:04]} Qg5+ {[%emt 0:02:04]} 51. Kc2 {[%emt 0:00:39]} h5 {[%emt 0:01:24]} 52. Kb1 {[%emt 0:00:24]} h4 {[%emt 0:01:35]} 53. Rd2 g3 {[%emt 0:02:14]} 54. Kb2 {[%emt 0:00:49]} h3 {[%emt 0:01:43]} 55. Nxb4 {[%emt 0:01:29]} g2 56. Kxa3 {[%emt 0:00:00]} Nxb4 {[%emt 0:02:11]} 57. Kxb4 {[%emt 0:03:57]} g1=Q {[%emt 0:04:19]} 58. Ra2 Bg4 {[%emt 0:00:09]} 59. Qxg4 {[%emt 0:02:31]} Q1xg4 {[%emt 0:00:08]} 60. Bxg4 {[%emt 0:00:01]} Qxg4 {[%emt 0:00:58]} 61. c5 {[%emt 0:01:04]} Qc8 {[%emt 0:01:06]} 62. Rc2 {[%emt 0:01:01]} Kg6 63. c6 {[%emt 0:00:01]} h2 {[%emt 0:02:16]} 64. Rxh2 {[%emt 0:00:00]} Kf6 {[%emt 0:00:37]} 65. Kc4 {[%emt 0:00:08]} Ke7 {[%emt 0:00:30]} 66. Kc5 {[%emt 0:00:30]} Qa6 67. b4 Qxd3 {[%emt 0:02:10]} 68. b5 {[%emt 0:04:02]} Qc3+ {[%emt 0:00:25]} 69. Kb6 {[%emt 0:00:05]} d3 {[%emt 0:00:42]} 70. Kb7 {[%emt 0:02:15]} Qb4 {[%emt 0:02:01]} 71. b6 {[%emt 0:00:38]} Qxe4 {[%emt 0:00:15]} 72. Kc7 {[%emt 0:00:48]} Qf4 {[%emt 0:00:29]} 73. Rb2 {[%emt 0:04:08]} e4+ {[%emt 0:01:26]} 74. Kb7 {[%emt 0:00:24]} Qe5 {[%emt 0:01:54]} (74... d2 $142 75. c7 d1=Q 76. c8=Q Qd5+ 77. Ka7 e3 78. Qb7+ Qxb7+ 79. Kxb7 Qe4+ 80. Ka7 e2 81. Rxe2 Qxe2 82. b7 Qe3+ 83. Ka6 Qe5 84. Kb6 f5 85. b8=Q Qxb8+ 86. Kc5 Qe5+ 87. Kb4 f4 88. Kb3 f3 89. Kb4 f2 90. Kb3 f1=Q 91. Ka4 Qc4+ 92. Ka3 Qec3#) 75. c7 {[%emt 0:03:41]} Qxb2 {[%emt 0:00:27]} 76. c8=Q {[%emt 0:00:08]} Qd4 {[%emt 0:00:39]} (76... d2 $142 77. Qc7+ Ke6 78. Qc8+ Ke5 79. Qc5+ Kf6 80. Qd6+ Kg5 81. Qg3+ Kf5 82. Qh3+ Kf4 83. Qf1+ Ke5) 77. Qc1 {[%emt 0:06:10]} d2 {[%emt 0:00:12]} 78. Qd1 {[%emt 0:01:42]} Kd8 {[%emt 0:01:20]} 79. Ka8 {[%emt 0:00:28]} e3 {[%emt 0:01:10]} 80. b7 {[%emt 0:00:13]} Qd5 {[%emt 0:00:10]} 81. Ka7 $2 {[%emt 0:02:18]} (81. Qa4 $17) 81... Qa5+ {[%emt 0:00:04]} 82. Kb8 {[%emt 0:00:02]} f5 {[%emt 0:00:44]} 83. Qc2 {[%emt 0:00:39]} Qe5+ {[%emt 0:00:47]} 84. Ka8 {[%emt 0:00:08]} Qa1+ {[%emt 0:00:08]} 85. Kb8 {[%emt 0:00:49]} d1=Q {[%emt 0:00:18]} 86. Qc7+ {[%emt 0:01:07]} Ke8 {[%emt 0:00:05]} 87. Qc6+ {[%emt 0:01:16]} Kf7 {[%emt 0:00:48]} 88. Qd7+ {[%emt 0:01:05]} Kg6 {[%emt 0:00:24]} 89. Qe8+ {[%emt 0:00:44]} Kg5 {[%emt 0:00:44]} 90. Qxe3+ {[%emt 0:00:14]} f4 {[%emt 0:00:30]} 91. Qc5+ {[%emt 0:00:28]} Kg4 {[%emt 0:00:23]} 92. Qc8+ {[%emt 0:00:37]} Kg3 {[%emt 0:00:17]} 93. Qg8+ {[%emt 0:00:40]} Qg4 {[%emt 0:00:12]} 94. Qd8 {[%emt 0:01:05]} Qe5+ {[%emt 0:00:36]} 95. Ka8 {[%emt 0:00:11]} Qf3 {[%emt 0:01:03]} 96. Qg8+ {[%emt 0:00:09]} Kf2 {[%emt 0:00:16]} 97. Qa2+ {[%emt 0:00:41]} Qee2 {[%emt 0:00:36]} 98. Qa5 {[%emt 0:00:42]} Qe8+ {[%emt 0:00:35]} 99. Ka7 {[%emt 0:00:08]} Qfe3+ {[%emt 0:00:34]} 100. Qb6 {[%emt 0:01:12]} Qxb6+ {[%emt 0:00:11]} 101. Kxb6 {[%emt 0:00:01]} Qb8 {[%emt 0:00:13]} 0-1

[Event "XX Sants Open 2018"]
[Site "Cotxeres de Sants"]
[Date "2018.08.25"]
[Round "9"]
[White "Vadillo, Torre Ismael"]
[Black "Buisan Arnau, Oriol"]
[Result "0-1"]
[WhiteElo "1567"]
[BlackElo "1599"]
[Annotator "NA RC"]
[PlyCount "78"]
[EventDate "2018.08.17"]
[EventType "swiss"]
[EventCountry "ESP"]
[SourceTitle "playchess.com"]
[Source "ChessBase"]
[SourceQuality "1"]
[TimeControl "40/5400+30:1800+30"]

1. d4 f5 2. Nf3 Nf6 3. c4 e6 4. g3 d5 5. Bg2 Be7 6. O-O O-O 7. c5 b6 8. cxb6 cxb6 9. Bf4 Nc6 10. Nc3 Bd6 11. e3 Ba6 12. Re1 Ne4 13. Nxe4 fxe4 14. Ng5 Qe7 15. Qh5 h6 16. Nh3 Rf5 17. Qg4 Kh7 18. Rec1 Rc8 19. Bxd6 Qxd6 20. Nf4 Ne7 21. Rxc8 Bxc8 22. Rc1 Bd7 23. Qe2 Rf8 24. Qa6 Qb8 25. Bh3 Rf6 26. Qa3 Nc6 27. Nxd5 exd5 28. Bxd7 Qc7 29. Bxc6 Rxc6 30. Rxc6 Qxc6 31. Qc3 Qa4 32. Qb3 Qxb3 33. axb3 Kg6 34. f3 exf3 35. Kf2 Kf5 36. Kxf3 g5 37. g4+ Ke6 38. e4 Kd6 39. e5+ Ke6 0-1

[Event "XX Sants Open 2018"]
[Site "Cotxeres de Sants"]
[Date "2018.08.25"]
[Round "9"]
[White "Garrido Sanchez, Daniel"]
[Black "Grasa Solanas, Oscar"]
[Result "1-0"]
[WhiteElo "1560"]
[BlackElo "1646"]
[Annotator "NA RC"]
[PlyCount "131"]
[EventDate "2018.08.17"]
[EventType "swiss"]
[EventCountry "ESP"]
[SourceTitle "playchess.com"]
[Source "ChessBase"]
[SourceQuality "1"]
[TimeControl "40/5400+30:1800+30"]

1. e4 d5 2. exd5 Qxd5 3. Nc3 Qa5 4. d4 Nf6 5. Nf3 Bf5 6. Bd3 Bxd3 7. Qxd3 e6 8. Qb5+ Qxb5 9. Nxb5 Na6 10. Bf4 Nd5 11. Bd2 c6 12. Nc3 O-O-O 13. Ne5 Re8 14. Nxf7 Rg8 15. a3 g6 16. O-O-O Rg7 17. Ne5 Bd6 18. Nxd5 Bxe5 19. dxe5 cxd5 20. Be3 Kb8 21. Kb1 Rc8 22. Rc1 Rf7 23. Rhf1 Rf5 24. f4 Rf7 25. Rfd1 Rc4 26. g3 Nc7 27. Rd4 Rxd4 28. Bxd4 b6 29. c4 dxc4 30. Rxc4 Kb7 31. Rc1 Rd7 32. Bc3 Nd5 33. Bd2 Rd8 34. Rc2 Rd7 35. Ka2 Rd8 36. Rc1 Rd7 37. Kb1 Rd8 38. Rf1 Rd7 39. h3 a5 40. g4 Ne7 41. Rf2 Rd3 42. Rh2 Rf3 43. h4 Rg3 44. g5 Rd3 45. Kc2 Rd7 46. h5 Nf5 47. hxg6 hxg6 48. Bc1 Kc6 49. Rh8 Rg7 50. Re8 Kd7 51. Rh8 Kc6 52. Kc3 Ne7 53. Rd8 Nd5+ 54. Kd4 Ne7 55. Rd6+ Kb5 56. Rxe6 Nf5+ 57. Ke4 Ng3+ 58. Kd5 Nf5 59. a4+ Ka6 60. Re8 Rc7 61. Rg8 Rxc1 62. Rf8 Rc5+ 63. Ke6 Rc6+ 64. Kd7 Nd4 65. Rc8 Re6 66. Rc4 1-0

[Event "XX Sants Open 2018"]
[Site "Cotxeres de Sants"]
[Date "2018.08.25"]
[Round "9"]
[White "Lujan Moreno, Royer Manuel"]
[Black "Cassi De La Viuda, Alex"]
[Result "1-0"]
[WhiteElo "1477"]
[BlackElo "1566"]
[Annotator "NA RC"]
[PlyCount "72"]
[EventDate "2018.08.17"]
[EventType "swiss"]
[EventCountry "ESP"]
[SourceTitle "playchess.com"]
[Source "ChessBase"]
[SourceQuality "1"]
[TimeControl "40/5400+30:1800+30"]

1. e4 {[%emt 0:10:42]} c5 {[%emt 0:02:52]} 2. c4 Nc6 {[%emt 0:01:04]} 3. Nc3 {[%emt 0:00:35]} d6 {[%emt 0:00:22]} 4. d3 {[%emt 0:00:18]} g6 {[%emt 0:03:47]} 5. Nf3 {[%emt 0:00:15]} Bg7 {[%emt 0:00:16]} 6. Be2 {[%emt 0:00:02]} Nf6 {[%emt 0:02:45]} 7. O-O {[%emt 0:00:04]} O-O {[%emt 0:02:32]} 8. a3 {[%emt 0:00:06]} Bg4 {[%emt 0:08:53]} 9. h3 {[%emt 0:00:02]} Bxf3 {[%emt 0:02:46]} 10. Bxf3 {[%emt 0:00:03]} Nd4 {[%emt 0:01:24]} 11. Nb5 {[%emt 0:00:10]} Nxb5 {[%emt 0:01:46]} 12. cxb5 {[%emt 0:00:05]} Qb6 {[%emt 0:04:42]} 13. a4 {[%emt 0:00:35]} Nd7 {[%emt 0:00:41]} 14. Qb3 {[%emt 0:02:17]} a6 {[%emt 0:03:02]} 15. Be3 {[%emt 0:00:09]} axb5 {[%emt 0:05:59]} 16. axb5 {[%emt 0:00:11]} Ne5 {[%emt 0:00:44]} 17. Be2 {[%emt 0:00:03]} Nd7 {[%emt 0:02:12]} 18. f4 {[%emt 0:00:34]} e6 {[%emt 0:07:42]} 19. f5 {[%emt 0:01:38]} exf5 {[%emt 0:06:50]} 20. exf5 {[%emt 0:00:35]} Rxa1 {[%emt 0:00:16]} 21. Rxa1 {[%emt 0:01:48]} Re8 {[%emt 0:00:07]} 22. Kf2 {[%emt 0:01:02]} Rxe3 {[%emt 0:16:10]} 23. Ra8+ {[%emt 0:02:56]} Nf8 {[%emt 0:02:28]} 24. Qc4 {[%emt 0:08:02]} Re5 {[%emt 0:02:13]} 25. fxg6 {[%emt 0:01:20]} hxg6 {[%emt 0:00:43]} 26. Bf3 {[%emt 0:00:31]} Rf5 {[%emt 0:02:23]} 27. g4 {[%emt 0:03:20]} d5 {[%emt 0:01:26]} 28. Qc1 {[%emt 0:02:42]} c4+ {[%emt 0:01:30]} 29. Kg2 {[%emt 0:00:04]} Re5 {[%emt 0:00:51]} 30. dxc4 {[%emt 0:00:38]} dxc4 {[%emt 0:00:27]} 31. Rb8 {[%emt 0:08:13]} Rxb5 {[%emt 0:04:12]} 32. Rxb7 {[%emt 0:11:05]} Rxb2+ {[%emt 0:01:18]} 33. Kh1 {[%emt 0:00:07]} Qf2 {[%emt 0:00:46]} 34. Rxb2 {[%emt 0:01:59]} Bxb2 {[%emt 0:00:09]} 35. Qf4 {[%emt 0:02:04]} Bd4 36. Qxd4 {[%emt 0:08:02]} Qxd4 {[%emt 0:00:43]} 1-0

[Event "XX Sants Open 2018"]
[Site "Cotxeres de Sants"]
[Date "2018.08.26"]
[Round "10"]
[White "Swiercz, Dariusz"]
[Black "Neef, Maximilian"]
[Result "1/2-1/2"]
[WhiteElo "2669"]
[BlackElo "2463"]
[Annotator "TA"]
[PlyCount "123"]
[EventDate "2018.08.17"]
[EventType "swiss"]
[EventCountry "ESP"]
[SourceTitle "playchess.com"]
[Source "ChessBase"]
[SourceQuality "1"]

{[%evp 20,123,43,39,49,43,58,49,31,37,53,51,50,57,59,63,60,63,51,52,64,58,66,71,101,68,81,63,85,46,48,64,46,32,65,65,104,105,86,88,113,81,75,79,84,82,73,83,91,93,87,87,78,0,0,0,0,-8,0,-3,-8,-29,-28,-42,-13,-16,-16,-115,-104,-123,-121,-133,-62,-60,-57,-60,-68,-76,-54,-61,0,0,-10,-11,-5,-18,-8,-18,-18,-18,-18,-21,-8,-8,-8,-63,-18,-19,-12,-23,0,-34,0,-41,0,-47]} 1. d4 Nf6 2. c4 g6 3. Nf3 Bg7 4. g3 O-O 5. Bg2 d6 6. Nc3 Nc6 7. O-O a6 8. b3 Rb8 9. Nd5 Bg4 10. Nxf6+ {E63: Königsindisch (6...Sc6)} (10. Bb2 Nxd5 11. cxd5 Nb4 12. e4 c6 13. Qd2 a5 14. dxc6 bxc6 15. h3 Bxf3 16. Bxf3 c5 17. Rfc1 e6 {½-½ (33) Le,Q (2703)-Ding,L (2702) Saint Louis 2012}) 10... Bxf6 11. Bb2 {LiveBook: 3 Partien} Qc8 12. Qd2 {Weiß steht etwas besser.} Qf5 13. Rac1 Bxf3 14. exf3 e6 $146 ({Vorgänger:} 14... g5 15. Rfe1 e6 16. Re4 Ne7 17. Ba3 Rfd8 {1-0 (61) Nyberg,W (2352)-Franke,H (2364) GER email 2015}) 15. h4 Bg7 16. d5 Bxb2 17. Qxb2 exd5 18. cxd5 Qxd5 19. f4 Qb5 20. Rfd1 {[%mdl 1024] Weiss hat Kompensation.} Rbe8 21. Bf3 Qb6 22. Qc3 Re7 23. h5 gxh5 24. Bxh5 (24. Rd5 {feels hotter.} f6 25. Rxh5 Nd4 26. Bd5+ Kh8 27. Re1) 24... Qa5 25. Qxa5 Nxa5 26. Bf3 Rb8 27. Kg2 b6 28. Rd5 Nb7 29. b4 a5 30. a3 axb4 31. axb4 Nd8 32. Rg5+ Kh8 33. Rh5 Ne6 34. f5 {[#] Droht f6 und aus.} Nf8 35. f6 Re6 36. Rh6 (36. Rf5 $16) 36... Ng6 $1 $11 37. Rch1 Rxf6 38. Rxh7+ Kg8 39. Be4 Nf8 40. R7h4 Re8 41. Bd3 Kg7 42. f4 Re3 43. Bb1 (43. Rd1 $11) 43... Re2+ 44. Kf3 Rfe6 45. Rg4+ {[#]} Ng6 (45... Kf6 $1 $17 {[%csl Ge2][%cal Re6e3]} 46. Rg8 R6e3+ 47. Kg4 Re1 48. Rxe1 Rxe1) 46. Rg5 $15 Re1 47. Rxe1 Rxe1 {[%mdl 4096] Endspiel KTL-KTS} 48. Bd3 Kf6 {Und ...Se5+! würde nun gewinnen.} 49. Rf5+ Ke7 (49... Ke6 $15) 50. Bc4 $1 $11 f6 51. Rh5 Nf8 52. b5 Rc1 53. Bd3 Rc3 54. Ke3 Ra3 55. Kd2 $1 Kf7 56. Rh1 d5 57. Rh5 (57. Bf5 $11) 57... Ke6 58. g4 Ra4 59. Ke3 Ra3 60. Kd2 Ra4 61. Ke3 Ra3 62. Kd2 {Precision: Weiß = 68%, Schwarz = 57%.} 1/2-1/2